000 00256nam a2200097Ia 4500
082 _aEF FORD
245 0 _aBad wedding
100 _a Forde, Catherine, , 1961- Edinburgh, 2009
_999462
942 _cBK
008 210817s9999 xx 000 0 und d
999 _c422320
_d422319